Middle Bronze Age and Roman settlement at Manor Pit, Baston, Lincolnshire : excavations 2002-2014 /
Between 2002 and 2014 MOLA Northampton carried out evaluation and excavation work at the Manor Pit, Baston, Lincolnshire. The site saw significant occupation in the late Bronze Age and Roman periods, with evidence of enclosures in Medieval and Post-Medieval times.
المؤلفون الرئيسيون: , , ,
مؤلف مشترك:
التنسيق: كتاب الكتروني
اللغة: English
منشور في:
Oxford :
Archaeopress Archaeology,
2020.
الموضوعات:
الوصول للمادة أونلاين: Login to view Source
الوسوم: إضافة وسم
رقم الطلب: DA690
| LEADER | 02101nam a2200433 i 4500 | ||
|---|---|---|---|
| 001 | EDZ0002251251 | ||
| 003 | StDuBDS | ||
| 005 | 20230412182804.0 | ||
| 006 | m|||||o||d|||||||| | ||
| 007 | cr ||||||||||| | ||
| 008 | 200505s2020 enka fob 000|0|eng|d | ||
| 020 | |a 9781789695847 (ebook) : |c £16.00 | ||
| 040 | |a StDuBDS |b eng |c StDuBDS |e rda |e pn | ||
| 050 | 4 | |a DA690 | |
| 082 | 0 | 4 | |a 936.253 |2 23 |
| 100 | 1 | |a Atkins, Rob, |d 1968- |e author. | |
| 245 | 1 | 0 | |a Middle Bronze Age and Roman settlement at Manor Pit, Baston, Lincolnshire : |b excavations 2002-2014 / |c Rob Atkins, Jim Burke, Leon Field and Adam Yates ; with contributions from Enid Alison [and 26 others] ; illustrations by Cara Ardis [and 8 others]. |
| 264 | 1 | |a Oxford : |b Archaeopress Archaeology, |c 2020. | |
| 300 | |a 1 online resource (300 pages) : |b illustrations (black and white, and colour) | ||
| 336 | |a text |2 rdacontent | ||
| 336 | |a still image |2 rdacontent | ||
| 337 | |a computer |2 rdamedia | ||
| 338 | |a online resource |2 rdacarrier | ||
| 500 | |a Excavations carried out by MOLA. | ||
| 504 | |a Includes bibliographical references. | ||
| 520 | 8 | |a Between 2002 and 2014 MOLA Northampton carried out evaluation and excavation work at the Manor Pit, Baston, Lincolnshire. The site saw significant occupation in the late Bronze Age and Roman periods, with evidence of enclosures in Medieval and Post-Medieval times. | |
| 521 | |a Specialized. | ||
| 588 | |a Description based on online resource; title from home page (viewed on May 5, 2020). | ||
| 650 | 0 | |a Excavations (Archaeology) |z England |z Lincolnshire. | |
| 651 | 0 | |a Lincolnshire (England) |x Antiquities. | |
| 700 | 1 | |a Burke, Jim, |e author. | |
| 700 | 1 | |a Field, Leon, |e author. | |
| 700 | 1 | |a Yates, Adam, |e author. | |
| 710 | 2 | |a Museum of London Archaeology, |e associated with work. | |
| 776 | 0 | 8 | |i Print version : |z 9781789695830 |
| 856 | 4 | 0 | |3 Archaeopress |u http://library.arce.org:8087/Archaeopress/Products/9781789695830 |
| 942 | |2 lcc |c EBOOK | ||
| 952 | |0 0 |1 0 |4 0 |6 DA0690 |7 1 |9 46683 |a ARCH |b ARCH |d 2023-04-12 |l 0 |o DA690 |r 2023-04-12 00:00:00 |w 2023-04-12 |y EBOOK | ||
| 999 | |c 52341 |d 52341 | ||
